Institutional communalism / (Record no. 169485)

MARC details
000 -LEADER
fixed length control field 00560nam a22001817a 4500
005 - DATE AND TIME OF LATEST TRANSACTION
control field 20191122103011.0
010 ## - LCCN (DPL NO)
LC control number ENG-126963
020 ## - INTERNATIONAL STANDARD BOOK NUMBER
International Standard Book Number 9789383657551
Terms of availability 30.00
035 ## - SYSTEM CONTROL NUMBER
System control number EN-110495
037 ## - SOURCE OF ACQUISITION
Source of stock number/acquisition DBAD/PUB
082 ## - DEWEY DECIMAL CLASSIFICATION NUMBER
Classification number 302.14
100 ## - MAIN ENTRY--PERSONAL NAME
Personal name Pritam Singh
245 ## - TITLE STATEMENT
Title Institutional communalism /
Statement of responsibility, etc by Pritam Singh
260 ## - PUBLICATION, DISTRIBUTION, ETC. (IMPRINT)
Place of publication, distribution, etc New Delhi
Name of publisher, distributor, etc Critical Quest
Date of publication, distribution, etc 2019
270 ## - ADDRESS
Address 420, G/Block, Phase VI , Aya Nagar
City New Delhi
Postal code 110047
Telephone number 9910036543
Electronic mail address criticalquest@gmail.com
300 ## - PHYSICAL DESCRIPTION
Extent 40p.
Dimensions 21cm(pbk)
942 ## - ADDED ENTRY ELEMENTS (KOHA)
Source of classification or shelving scheme Dewey Decimal Classification
Item type English Books
Classification part 302.14
Call number suffix PRI
Holdings
Withdrawn status Lost status Not for loan Collection code Home library Current library Date acquired Source of acquisition Cost, normal purchase price Full call number Barcode Copy number Cost, replacement price Koha item type
      Non-fiction Ashok Vihar Ashok Vihar 21/11/2019 DBAD/PUB 30.00 302.14 PRI EN-110495 1 30.00 English Books

© Delhi Public Library
Hit Counter
free hit counter